000 00388nam a2200169Ia 4500
001 1348
003 IN-NITTTR
005 20251114232913.0
008 251113s9999||||xx |||||||||||||| ||eng||
040 _beng
040 _cIN-NITTTR
041 _aeng
082 _a621.4021 S T
100 _aSachdev, S. K.
245 2 _aA textbook of thermodynamics /
_cSachdev, S. K.
942 _2ddc
_cBK
999 _c1668
_d1668